Producción ovina
Guardat en:
| Autor principal: | |
|---|---|
| Format: | Llibre |
| Idioma: | espanyol |
| Publicat: |
Santiago
Universidad de Chile
1986
|
| Matèries: | |
| Etiquetes: |
Afegir etiqueta
Sense etiquetes, Sigues el primer a etiquetar aquest registre!
|
MARC
| LEADER | 00000nam a2200000 a 4500 | ||
|---|---|---|---|
| 001 | UCR3974 | ||
| 003 | CL-VaPUC | ||
| 008 | 980307e19860000CL |||||||||||||||||spa|d | ||
| 082 | 0 | 4 | |a 636.3 |b GAR |2 21 |
| 100 | |a García Díaz, Guillermo |e autor |9 417501 | ||
| 245 | 1 | 0 | |a Producción ovina |
| 300 | |a 344 p | ||
| 942 | |c BK | ||
| 945 | |d 19980307 00:00:00 |a jquezada | ||
| 260 | |a Santiago |b Universidad de Chile |c 1986 | ||
| 650 | 7 | |a OVINOS |2 CL-VaPUC |9 403533 | |
| 650 | 7 | |a PRODUCCION OVINA |2 CL-VaPUC |9 403439 | |
| 650 | 0 | |a Alimentación animal |9 393779 | |
| 650 | 7 | |a MEJORAMIENTO GENETICO |2 CL-VaPUC |9 394471 | |
| 650 | 7 | |a PRODUCCION DE LANA |2 CL-VaPUC |9 403535 | |
| 583 | |a last modification |c 19980307 00:00:00 |k Rodrigo Vera | ||
| 999 | |c 266986 |d 266984 | ||